<?xml version="1.0" encoding="UTF-8"?>
<marc:record xmlns:marc="http://www.loc.gov/MARC21/slim">
   <marc:leader>00000nam a2200000 a 4500</marc:leader>
   <marc:datafield ind1="1" ind2=" " tag="100">
      <marc:subfield code="a">Penny, Louise</marc:subfield>
      <marc:subfield code="4">aut</marc:subfield>
      <marc:subfield code="e">Verfasser/-in</marc:subfield>
   </marc:datafield>
   <marc:datafield ind1="1" ind2=" " tag="100">
      <marc:subfield code="a">Stumpf, Andrea</marc:subfield>
   </marc:datafield>
   <marc:datafield ind1="1" ind2=" " tag="100">
      <marc:subfield code="a">Werbeck, Gabriele</marc:subfield>
   </marc:datafield>
   <marc:datafield ind1="0" ind2="0" tag="245">
      <marc:subfield code="a">Wildes Wasser</marc:subfield>
   </marc:datafield>
   <marc:datafield ind1="0" ind2="0" tag="245">
      <marc:subfield code="b">Der 15. Fall für Armand Gamache</marc:subfield>
   </marc:datafield>
   <marc:datafield ind1="0" ind2="0" tag="245">
      <marc:subfield code="c">Penny, Louise</marc:subfield>
   </marc:datafield>
   <marc:datafield ind1=" " ind2="1" tag="264">
      <marc:subfield code="a">Zürich</marc:subfield>
      <marc:subfield code="b">Kampa Verlag</marc:subfield>
      <marc:subfield code="c">2022</marc:subfield>
   </marc:datafield>
   <marc:datafield ind1="1" ind2=" " tag="490">
      <marc:subfield code="a">Ein Fall für Gamache</marc:subfield>
      <marc:subfield code="v">15</marc:subfield>
   </marc:datafield>
   <marc:datafield ind1=" " ind2=" " tag="250">
      <marc:subfield code="a">1. Auflage</marc:subfield>
   </marc:datafield>
   <marc:datafield ind1="1" ind2=" " tag="520">
      <marc:subfield code="a">Nach einer Suspendierung wegen diverser Fehlentscheidungen ist Armand Gamache zuru¨ck bei der Sûreté du Québec, allerdings nicht als Chief Superintendent, sondern nur als Chief Inspector der Mordkommission – womit er und Schwiegersohn Jean-Guy Beauvoir jetzt gleichgestellt sind. Die Luft ist zum Zerreißen gespannt an Gamaches erstem Arbeitstag, in den sozialen Medien fällt man u¨ber ihn her, und sein neuer Fall hat es in sich: Eine junge schwangere Frau ist verschwunden, womöglich gar ermordet worden. Verdächtigt wird ihr Ehemann, der ihr gegenu¨ber schon mehrmals handgreiflich geworden ist. Als wäre das nicht genug, spielt die Natur in diesem April verru¨ckt: Der Sankt-Lorenz-Strom droht u¨ber die Ufer zu treten, und auch der Pegel des Flu¨sschens Bella Bella in Three Pines steigt und steigt. Schließlich wird der Notstand ausgerufen. Und dann wird am Bella Bella die Leiche einer Frau gefunden …[Verlagsmeldung]</marc:subfield>
   </marc:datafield>
   <marc:datafield ind1=" " ind2=" " tag="020">
      <marc:subfield code="a">9783311120346</marc:subfield>
      <marc:subfield code="9">9783311120346</marc:subfield>
   </marc:datafield>
   <marc:datafield ind1=" " ind2=" " tag="020">
      <marc:subfield code="a">3311120345</marc:subfield>
      <marc:subfield code="9">3311120345</marc:subfield>
   </marc:datafield>
   <marc:datafield ind1=" " ind2=" " tag="041">
      <marc:subfield code="a">ger</marc:subfield>
   </marc:datafield>
   <marc:datafield ind1="0" ind2=" " tag="490">
      <marc:subfield code="v">15</marc:subfield>
   </marc:datafield>
   <marc:datafield ind1=" " ind2=" " tag="338">
      <marc:subfield code="a">Band</marc:subfield>
   </marc:datafield>
   <marc:datafield ind1=" " ind2=" " tag="300">
      <marc:subfield code="a">535 Seiten</marc:subfield>
   </marc:datafield>
</marc:record>
